[Event "PRO League Group Stage"]
[Site "chess.com INT"]
[Date "2020.01.15"]
[Round "2"]
[White "Chadaev, Nikolai"]
[Black "Firat, Burak"]
[Result "1/2-1/2"]
[WhiteTitle "GM"]
[BlackTitle "GM"]
[WhiteElo "2591"]
[BlackElo "2474"]
[WhiteTeam "Russia Wizards"]
[BlackTeam "Turkey Knights"]
[WhiteFideId "4167392"]
[BlackFideId "6305881"]
[EventDate "2020.01.06"]

1. e4 e5 2. Nf3 Nc6 3. Nc3 Nf6 4. Bb5 Bb4 5. O-O O-O 6. d3 d6 7. Bg5 Bxc3 8.
bxc3 a6 9. Ba4 Qe7 10. Re1 h6 11. Bh4 Nd8 12. d4 Ne6 13. Bg3 Ng5 14. Nd2 c5 15.
Bb3 b5 16. dxc5 dxc5 17. Bd5 Rb8 18. c4 Bb7 19. Qe2 Rfe8 20. a4 bxc4 21. h4 Ne6
22. Bxe5 Nd4 23. Bxd4 cxd4 24. Bxb7 Qxb7 25. Qxc4 Nxe4 26. Nxe4 Rxe4 27. Rxe4
Qxe4 28. Rd1 Rb2 29. Qxd4 Qxc2 1/2-1/2

[Event "PRO League Group Stage"]
[Site "chess.com INT"]
[Date "2020.01.15"]
[Round "2"]
[White "Michalik, Peter"]
[Black "Prohaszka, Peter2"]
[Result "0-1"]
[WhiteTitle "GM"]
[BlackTitle "GM"]
[WhiteElo "2595"]
[BlackElo "2587"]
[WhiteTeam "Croatia Bulldogs"]
[BlackTeam "Hungary Hunters"]
[WhiteFideId "14907526"]
[BlackFideId "726265"]
[EventDate "2020.01.06"]

1. e4 c6 2. Nf3 d5 3. d3 dxe4 4. dxe4 Qxd1+ 5. Kxd1 Nd7 6. Ne1 g6 7. Nd3 Bg7 8.
Nd2 f5 9. f3 Ngf6 10. exf5 gxf5 11. Nc4 Nd5 12. Ne3 Nxe3+ 13. Bxe3 e5 14. c3 Nb6
15. Kc2 Nd5 16. Re1 O-O 17. g3 f4 18. Bc5 Rd8 19. Nxe5 Re8 20. gxf4 Nxf4 21.
Bc4+ Be6 22. Bxe6+ Rxe6 23. Nd3 Nxd3 24. Kxd3 Rf6 25. Rhf1 Rf5 26. Be3 Rd8+ 27.
Kc2 a6 28. Rd1 Re8 29. Bc1 Re7 30. Rd3 Kf7 31. Rf2 Rh5 32. f4 Bf6 33. Re3 Rxe3
34. Bxe3 Ke6 35. Kd3 Kf5 36. a4 b5 37. axb5 axb5 38. Rg2 Rh3 39. Ke2 Ke4 40. Bd2
Be7 41. Kd1 Bd6 42. Kc2 h5 43. Re2+ Kf5 44. Kb3 Rf3 45. Rg2 Bxf4 46. Bxf4 Rxf4
47. Rg8 Ke6 48. Rg6+ Kd7 49. Rg7+ Kd6 50. Rg6+ Kc7 51. Rg7+ Kb6 52. Rg5 Rh4 53.
Rg2 Kc5 54. Rg5+ Kb6 55. Rg2 Rh3 56. Kb4 c5+ 57. Kb3 Ka5 58. Kc2 b4 59. c4 b3+
60. Kb1 Kb4 61. Rf2 Kxc4 62. Kc1 Kb4 63. Kd2 c4 64. Kc1 Re3 65. Rf8 Re2 66. Rb8+
Kc5 67. Rc8+ Kd4 68. Rd8+ Ke3 69. Re8+ Kf2 70. Rc8 Rc2+ 71. Kb1 Kg2 72. Rh8 Rf2
73. Kc1 Rf5 74. h4 Kg3 75. Rc8 Rf4 76. Rg8+ Kxh4 77. Kd2 Rg4 78. Rh8 Rg2+ 79.
Kc1 Kg4 80. Rg8+ Kh3 81. Rh8 h4 82. Rc8 Rg4 0-1

[Event "PRO League Group Stage"]
[Site "chess.com INT"]
[Date "2020.01.15"]
[Round "2"]
[White "Le, Tuan Minh"]
[Black "Hoang, Thanh Trang"]
[Result "1-0"]
[WhiteTitle "IM"]
[BlackTitle "GM"]
[WhiteElo "2501"]
[BlackElo "2424"]
[WhiteTeam "Croatia Bulldogs"]
[BlackTeam "Hungary Hunters"]
[WhiteFideId "12401153"]
[BlackFideId "12400149"]
[EventDate "2020.01.06"]

1. d4 f5 2. Nc3 Nf6 3. Bg5 d5 4. Bxf6 exf6 5. e3 Be6 6. Bd3 Nc6 7. a3 Qd7 8. Qf3
g6 9. Nge2 h5 10. Nf4 Bf7 11. Nfxd5 O-O-O 12. Nb4 Ne7 13. O-O h4 14. e4 Qxd4 15.
exf5 g5 16. Be4 c6 17. Rad1 Qb6 18. Rxd8+ Qxd8 19. Rd1 Qc7 20. Nb5 Bh5 21. Qb3
cxb5 22. Qe6+ Kb8 23. Rd7 Bf7 24. Rxc7 Bxe6 25. Rxb7+ Kc8 26. fxe6 f5 27. Na6
Kd8 28. Rd7+ 1-0

[Event "PRO League Group Stage"]
[Site "chess.com INT"]
[Date "2020.01.15"]
[Round "2"]
[White "Navara, David"]
[Black "Livaic, Leon"]
[Result "1-0"]
[WhiteTitle "GM"]
[BlackTitle "IM"]
[WhiteElo "2717"]
[BlackElo "2495"]
[WhiteTeam "Hungary Hunters"]
[BlackTeam "Croatia Bulldogs"]
[WhiteFideId "309095"]
[BlackFideId "14531534"]
[EventDate "2020.01.06"]

1. d4 Nf6 2. c4 e6 3. Nc3 d5 4. cxd5 exd5 5. Bg5 c6 6. e3 Nbd7 7. Bd3 Be7 8. Nf3
O-O 9. Qc2 Re8 10. h3 Nf8 11. Bf4 Bd6 12. Bxd6 Qxd6 13. O-O Ng6 14. Rab1 a5 15.
a3 Qe7 16. b4 axb4 17. axb4 Ne4 18. Bxe4 dxe4 19. Nd2 Bf5 20. Ne2 Nh4 21. Ng3
Qe6 22. Kh2 Bg6 23. b5 Nf5 24. bxc6 bxc6 25. Qc5 Nxg3 26. fxg3 Ra2 27. Nc4 f6
28. Rb6 Rc2 29. Rxc6 Qe7 30. Qxe7 Rxe7 31. Rb1 h6 32. d5 Kh7 33. d6 Rd7 34. Nb6
Rxc6 35. Nxd7 Bf5 36. Nf8+ Kg8 37. d7 Rd6 38. Rb8 1-0

[Event "PRO League Group Stage"]
[Site "chess.com INT"]
[Date "2020.01.15"]
[Round "2"]
[White "Banusz, Tamas"]
[Black "Plenca, Jadranko"]
[Result "1-0"]
[WhiteTitle "GM"]
[BlackTitle "IM"]
[WhiteElo "2620"]
[BlackElo "2463"]
[WhiteTeam "Hungary Hunters"]
[BlackTeam "Croatia Bulldogs"]
[WhiteFideId "722413"]
[BlackFideId "14527146"]
[EventDate "2020.01.06"]

1. d4 d5 2. Nf3 Nf6 3. g3 e6 4. Bg2 Be7 5. c4 O-O 6. Nc3 dxc4 7. Ne5 Nc6 8. Bxc6
bxc6 9. Nxc6 Qe8 10. Nxe7+ Qxe7 11. Qa4 Bb7 12. O-O c5 13. Qa3 Qd7 14. dxc5 e5
15. f3 e4 16. Bg5 exf3 17. exf3 Qd4+ 18. Rf2 Rfc8 19. Rd1 Qe5 20. Bxf6 Qxf6 21.
Qb4 Qc6 22. Qxc4 h6 23. b4 a6 24. a4 a5 25. b5 Qxc5 26. Rd8+ Kh7 27. Qxc5 Rxc5
28. Rxa8 Bxa8 29. Ne4 Rc4 30. Rb2 Rxa4 31. b6 Rb4 32. Rxb4 axb4 33. Kf2 g5 34.
Ke3 Kg6 35. Kd4 h5 36. Nd2 f5 37. Kc4 f4 38. gxf4 gxf4 39. h4 Kf5 40. Kxb4 Ke5
41. Kc5 Bb7 42. Nc4+ Ke6 43. Na5 Bxf3 44. Nc6 1-0

[Event "PRO League Group Stage"]
[Site "chess.com INT"]
[Date "2020.01.15"]
[Round "2"]
[White "Movsesian, Sergei"]
[Black "Aravindh, Chithambaram VR."]
[Result "0-1"]
[WhiteTitle "GM"]
[BlackTitle "GM"]
[WhiteElo "2641"]
[BlackElo "2630"]
[WhiteTeam "Israel Counsellors"]
[BlackTeam "India Yogis"]
[WhiteFideId "310204"]
[BlackFideId "5072786"]
[EventDate "2020.01.06"]

1. e4 c5 2. Nc3 Nc6 3. Nf3 d6 4. Bb5 Bd7 5. Bxc6 Bxc6 6. d4 cxd4 7. Qxd4 Nf6 8.
Bg5 Qa5 9. O-O-O Nd7 10. Kb1 h6 11. Bh4 e5 12. Qe3 g5 13. Bg3 Nf6 14. h4 g4 15.
Nd2 b5 16. h5 b4 17. Ne2 Qb6 18. Qxb6 axb6 19. f3 b5 20. Nc1 Rg8 21. Bh4 Nxh5
22. Nd3 Nf4 23. Nxb4 Bb7 24. Rhg1 Be7 25. Bf2 h5 26. Nf1 f5 27. Ng3 fxe4 28.
fxe4 h4 29. Nf5 g3 30. Be3 Nxg2 31. Nxe7 Nxe3 32. Nxg8 Nxd1 33. Rxd1 h3 34. Nh6
h2 35. Ng4 Bxe4 36. Nf6+ Kf8 37. Nxe4 g2 0-1

[Event "PRO League Group Stage"]
[Site "chess.com INT"]
[Date "2020.01.15"]
[Round "2"]
[White "Rodshtein, Maxim"]
[Black "Praggnanandhaa, R"]
[Result "1-0"]
[WhiteTitle "GM"]
[BlackTitle "GM"]
[WhiteElo "2628"]
[BlackElo "2602"]
[WhiteTeam "Israel Counsellors"]
[BlackTeam "India Yogis"]
[WhiteFideId "2806851"]
[BlackFideId "25059530"]
[EventDate "2020.01.06"]

1. c4 e5 2. g3 Nf6 3. Bg2 c6 4. d4 e4 5. a3 d5 6. Nc3 h6 7. Nh3 Be7 8. O-O dxc4
9. Nf4 Bf5 10. f3 exf3 11. Bxf3 Qd7 12. e4 Bg4 13. Be3 Bxf3 14. Qxf3 Ng4 15.
Rad1 Nxe3 16. Qxe3 Na6 17. Qe2 b5 18. e5 Nc7 19. d5 Bc5+ 20. Kg2 O-O-O 21. d6
Ne6 22. a4 a6 23. Qf3 Ng5 24. Qe2 Rde8 25. axb5 axb5 26. h4 Ne6 27. Qf3 Nd4 28.
Qe4 f5 29. Qb1 g5 30. Ng6 f4 31. Ne4 Qg4 32. d7+ Qxd7 33. Nxc5 Qd5+ 34. Qe4 Qxc5
35. Rxd4 Rhg8 36. Rfd1 Rxg6 37. Qxg6 Rxe5 38. Qg8+ Kb7 39. Rd7+ Kb6 40. Qd8+ 1-0

[Event "PRO League Group Stage"]
[Site "chess.com INT"]
[Date "2020.01.15"]
[Round "2"]
[White "Adhiban, Baskaran"]
[Black "Fridman, Daniel"]
[Result "0-1"]
[WhiteTitle "GM"]
[BlackTitle "GM"]
[WhiteElo "2654"]
[BlackElo "2622"]
[WhiteTeam "India Yogis"]
[BlackTeam "Israel Counsellors"]
[WhiteFideId "5018471"]
[BlackFideId "11600454"]
[EventDate "2020.01.06"]

1. e4 e5 2. Nf3 Nf6 3. d4 Nxe4 4. Bd3 d5 5. Nxe5 Nd7 6. Nxd7 Bxd7 7. O-O Bd6 8.
Nc3 Nxc3 9. bxc3 O-O 10. Qh5 f5 11. Re1 c6 12. Bg5 Qc7 13. Re3 g6 14. Qh4 b5 15.
a4 Rf7 16. Be7 Bxe7 17. Rxe7 Raf8 18. Re5 Qa5 19. Ra3 bxa4 20. Qg5 Rb8 21. h4
Kg7 22. h5 Rbf8 23. Re3 Rf6 24. Re7+ R6f7 25. Re3 Rf6 26. hxg6 Rxg6 27. Re7+ Rf7
28. Rxf7+ Kxf7 29. Qh4 Rg7 30. Be2 c5 31. Bh5+ Kg8 32. dxc5 Qxc5 33. Ra1 h6 34.
Rb1 Kh7 35. Rb8 Qe7 36. Qd4 Qe4 37. Bf3 Qxd4 38. cxd4 Bc6 39. Rc8 Bd7 40. Rc5 a6
41. Bxd5 Re7 42. Kf1 Kg7 43. Ra5 Bb5+ 44. c4 Rd7 45. Ke1 Rxd5 46. cxd5 Kf7 47.
Kd2 Ke7 48. Ke3 Kd6 49. Kf4 Kxd5 50. Kxf5 Kxd4 51. f4 Kc3 52. Ke5 Kb4 53. f5
Kxa5 54. f6 Bc4 0-1

[Event "PRO League Group Stage"]
[Site "chess.com INT"]
[Date "2020.01.15"]
[Round "2"]
[White "Narayanan, S.L."]
[Black "Avrukh, Boris"]
[Result "1-0"]
[WhiteTitle "GM"]
[BlackTitle "GM"]
[WhiteElo "2637"]
[BlackElo "2567"]
[WhiteTeam "India Yogis"]
[BlackTeam "Israel Counsellors"]
[WhiteFideId "5058422"]
[BlackFideId "2803895"]
[EventDate "2020.01.06"]

1. e4 e5 2. Nf3 Nc6 3. Bb5 a6 4. Ba4 Nf6 5. Nc3 b5 6. Bb3 Bc5 7. a4 Rb8 8. d3 h6
9. axb5 axb5 10. Nd5 d6 11. c3 Nxd5 12. Bxd5 Ne7 13. Bb3 O-O 14. O-O Bb6 15. Nh4
Be6 16. Bxe6 fxe6 17. Qg4 Rf6 18. Be3 Qf8 19. Bxb6 Rxb6 20. Ra7 Qd8 21. Rfa1 Kh7
22. g3 b4 23. Nf3 bxc3 24. bxc3 Qb8 25. Ra8 Rb1+ 26. Kg2 Qb5 27. Qh5 Rg6 28.
Rxb1 Qxb1 29. Nh4 Qxd3 30. Nxg6 Qxe4+ 31. Qf3 Qxg6 32. h4 Nd5 33. h5 Qf5 34. Ra7
Qc2 35. Qf7 Qe4+ 36. Kh2 Nf6 37. Rxc7 Ng4+ 38. Kg1 Qe1+ 39. Kg2 Qe4+ 40. f3 Qc2+
41. Kh3 Nf2+ 42. Kh4 1-0

[Event "PRO League Group Stage"]
[Site "chess.com INT"]
[Date "2020.01.15"]
[Round "2"]
[White "Banusz, Tamas"]
[Black "Michalik, Peter"]
[Result "1-0"]
[WhiteTitle "GM"]
[BlackTitle "GM"]
[WhiteElo "2620"]
[BlackElo "2595"]
[WhiteTeam "Hungary Hunters"]
[BlackTeam "Croatia Bulldogs"]
[WhiteFideId "722413"]
[BlackFideId "14907526"]
[EventDate "2020.01.06"]

1. d4 Nf6 2. Nf3 e6 3. g3 d5 4. Bg2 Be7 5. c4 O-O 6. Nc3 dxc4 7. Ne5 Nc6 8. Bxc6
bxc6 9. Nxc6 Qd7 10. Nxe7+ Qxe7 11. Qa4 c5 12. dxc5 Qxc5 13. Be3 Qc7 14. O-O-O
Bb7 15. f3 Nd5 16. Bd4 Rfd8 17. e4 Nxc3 18. Bxc3 Qc6 19. Qxc6 Bxc6 20. Ba5 Rxd1+
21. Rxd1 Rc8 22. Rd4 f5 23. Kd2 fxe4 24. fxe4 Bb5 25. Kc3 Kf7 26. Kb4 a6 27. a4
Be8 28. Bb6 e5 29. Rd5 Ke6 30. Ra5 Bg6 31. Rxa6 Bxe4 32. Ra7 g5 33. a5 Bd5 34.
Rxh7 c3 35. bxc3 Rc4+ 36. Kb5 Rxc3 37. Rh5 Rb3+ 38. Ka4 Rb2 39. Rxg5 Rxh2 40.
Bc7 Re2 41. Kb4 Re4+ 42. Kb5 Re1 43. Kb4 Kf6 44. Bd8+ Ke6 45. g4 Rb1+ 46. Kc3
Rb3+ 47. Kc2 Ra3 48. Rg6+ Kd7 49. Rh6 Kxd8 50. Rd6+ Ke7 51. Rxd5 Ke6 52. Rb5 Ra4
53. g5 Kd6 54. g6 Rg4 55. Rb6+ Kc5 56. Rf6 Kb5 57. a6 Rg2+ 58. Kd3 1-0

[Event "PRO League Group Stage"]
[Site "chess.com INT"]
[Date "2020.01.15"]
[Round "2"]
[White "Navara, David"]
[Black "Le, Tuan Minh"]
[Result "1-0"]
[WhiteTitle "GM"]
[BlackTitle "IM"]
[WhiteElo "2717"]
[BlackElo "2501"]
[WhiteTeam "Hungary Hunters"]
[BlackTeam "Croatia Bulldogs"]
[WhiteFideId "309095"]
[BlackFideId "12401153"]
[EventDate "2020.01.06"]

1. e4 c5 2. Nf3 Nf6 3. e5 Nd5 4. g3 Nc6 5. Bg2 g6 6. Nc3 Nc7 7. O-O Bg7 8. Re1
O-O 9. b3 d6 10. exd6 exd6 11. Bb2 d5 12. Na4 Bxb2 13. Nxb2 Bf5 14. Nh4 Qf6 15.
Nxf5 Qxf5 16. Na4 b6 17. c4 Rad8 18. Nc3 Nb4 19. Re7 Ne6 20. cxd5 Nd4 21. Be4
Qf6 22. Rxa7 Rfe8 23. a3 Rxe4 24. Nxe4 Qf5 25. Qg4 Nxd5 26. Qxf5 gxf5 27. Ng5
Nxb3 28. Re1 Nxd2 29. Kg2 Ne4 30. Nxf7 Rf8 31. Nh6+ Kh8 32. Nxf5 Nxf2 33. Re5
Nf6 34. Re6 Nd3 35. Rxf6 1-0

[Event "PRO League Group Stage"]
[Site "chess.com INT"]
[Date "2020.01.15"]
[Round "2"]
[White "Livaic, Leon"]
[Black "Hoang, Thanh Trang"]
[Result "0-1"]
[WhiteTitle "IM"]
[BlackTitle "GM"]
[WhiteElo "2495"]
[BlackElo "2424"]
[WhiteTeam "Croatia Bulldogs"]
[BlackTeam "Hungary Hunters"]
[WhiteFideId "14531534"]
[BlackFideId "12400149"]
[EventDate "2020.01.06"]

1. e4 e6 2. b3 d5 3. Bb2 dxe4 4. Nc3 Nf6 5. Qe2 Bd7 6. Nxe4 Nxe4 7. Qxe4 Bc6 8.
Qe3 Nd7 9. Nf3 b6 10. O-O-O Bc5 11. d4 Be7 12. Kb1 O-O 13. Bd3 Bf6 14. h4 Bxf3
15. Qxf3 Qe7 16. Qe4 g6 17. h5 Bg7 18. hxg6 hxg6 19. Rh3 Nf6 20. Qf4 Nd5 21. Qf3
Qf6 22. Qxf6 Bxf6 23. Be4 Rad8 24. c4 Ne7 25. Rhd3 Kg7 26. g4 g5 27. Rf3 Ng6 28.
Kc2 Nf4 29. Re3 Rh8 30. f3 Rh2+ 31. Kb1 c5 0-1

[Event "PRO League Group Stage"]
[Site "chess.com INT"]
[Date "2020.01.15"]
[Round "2"]
[White "Plenca, Jadranko"]
[Black "Prohaszka, Peter2"]
[Result "1-0"]
[WhiteTitle "IM"]
[BlackTitle "GM"]
[WhiteElo "2463"]
[BlackElo "2587"]
[WhiteTeam "Croatia Bulldogs"]
[BlackTeam "Hungary Hunters"]
[WhiteFideId "14527146"]
[BlackFideId "726265"]
[EventDate "2020.01.06"]

1. e4 c6 2. Nc3 d5 3. Nf3 dxe4 4. Nxe4 Nf6 5. Qe2 Nxe4 6. Qxe4 Nd7 7. Bc4 Nf6 8.
Ne5 e6 9. Qe2 b5 10. Bb3 Qc7 11. d4 Bd6 12. O-O O-O 13. c3 a5 14. Bc2 b4 15. c4
Nd7 16. Nf3 c5 17. Qe4 g6 18. Qh4 Re8 19. Ng5 Nf8 20. Ne4 Nd7 21. dxc5 Be7 22.
Bg5 Bxg5 23. Qxg5 Bb7 24. Nd6 Rf8 25. Qe7 Bc6 26. Rad1 Ra7 27. Qg5 Raa8 28. Qe7
Qa7 29. Be4 Qa6 30. Nb5 Bxe4 31. Rxd7 Bc6 32. Rd6 Rae8 33. Qa7 Qxa7 34. Nxa7 Ba8
35. c6 Re7 36. Rd7 Rfe8 37. Rfd1 Kf8 38. c7 Bb7 39. c5 e5 40. Nb5 Ba6 41. Na7 e4
42. c6 e3 43. Rxe7 Kxe7 44. fxe3 Ra8 45. Rd7+ Ke6 46. Nb5 Bxb5 47. Rd8 Bxc6 48.
Rxa8 Bxa8 49. c8=Q+ 1-0

[Event "PRO League Group Stage"]
[Site "chess.com INT"]
[Date "2020.01.15"]
[Round "2"]
[White "Chadaev, Nikolai"]
[Black "Solak, Dragan"]
[Result "1/2-1/2"]
[WhiteTitle "GM"]
[BlackTitle "GM"]
[WhiteElo "2591"]
[BlackElo "2594"]
[WhiteTeam "Russia Wizards"]
[BlackTeam "Turkey Knights"]
[WhiteFideId "4167392"]
[BlackFideId "916811"]
[EventDate "2020.01.06"]

1. e4 c6 2. d4 d5 3. exd5 cxd5 4. Bd3 Nc6 5. c3 g6 6. Nf3 Bf5 7. Be2 Bg7 8. O-O
Nf6 9. Bf4 O-O 10. Nbd2 Ne4 11. Re1 Nxd2 12. Qxd2 Bg4 13. h3 Bxf3 14. Bxf3 e6
15. Be2 Re8 16. Bf1 Bf8 17. g3 Bd6 18. Bg5 Be7 19. Bh6 Bf8 20. Be3 Ne7 21. h4
Nf5 22. Bf4 Bd6 23. Bg5 Be7 24. Bd3 Nd6 25. a4 h5 26. Kg2 Bxg5 27. hxg5 a6 28.
Qf4 Nf5 29. Re5 Kg7 30. Rae1 Rh8 31. Kh3 Qd7 32. Bxf5 gxf5 33. R5e2 Kg6 34. a5
Qe7 35. Re5 Qd7 36. b3 Rad8 37. c4 Qc6 38. c5 Qd7 39. b4 Rde8 40. R5e2 Qd8 41.
Kh4 Qb8 42. Qxb8 Rxb8 43. f4 Ra8 44. Rb1 Rhc8 45. Reb2 Ra7 46. Kh3 Rh8 47. b5
axb5 48. Rxb5 Rha8 49. R1b3 Rxa5 50. Rxb7 Ra2 51. Rb2 R8a4 52. Rxa2 Rxa2 53. c6
Rc2 54. Rc7 Kg7 55. Rc8 Kh7 56. Rc7 Kg6 57. Rc8 Kg7 58. Rc7 Rc4 59. Kh4 Rc1 60.
Kh3 Rc4 61. Kh4 Rc1 62. Kh3 Rc4 1/2-1/2

[Event "PRO League Group Stage"]
[Site "chess.com INT"]
[Date "2020.01.15"]
[Round "2"]
[White "Tomashevsky, Evgeny"]
[Black "Dastan, Muhammed Batuhan"]
[Result "1/2-1/2"]
[WhiteTitle "GM"]
[BlackTitle "GM"]
[WhiteElo "2705"]
[BlackElo "2572"]
[WhiteTeam "Russia Wizards"]
[BlackTeam "Turkey Knights"]
[WhiteFideId "4147235"]
[BlackFideId "6300014"]
[EventDate "2020.01.06"]

1. c4 c6 2. Nf3 d5 3. e3 Nf6 4. Nc3 e6 5. b3 Nbd7 6. Qc2 Bd6 7. Bb2 Qe7 8. Be2
O-O 9. O-O b6 10. cxd5 cxd5 11. Nb5 Ba6 12. Rfc1 Rfc8 13. Qd1 Bxb5 14. Bxb5 Ba3
15. Bxa3 Qxa3 16. Rc2 Rxc2 17. Qxc2 Qc5 18. Qxc5 bxc5 19. Rc1 Rb8 20. Bxd7 Nxd7
21. d4 Rc8 22. dxc5 Rxc5 23. Rxc5 Nxc5 24. Nd4 Kf8 25. Nc6 a6 26. b4 Ne4 27. Nb8
Ke7 28. Nxa6 Kd6 29. a4 Kc6 30. f3 Nc3 31. Nc5 Nd1 32. e4 d4 33. Kf1 Ne3+ 34.
Kf2 Nc2 35. Nd3 f6 36. Ke2 Ne3 37. g3 e5 38. f4 Nc4 39. fxe5 fxe5 40. g4 h6 41.
h4 g6 42. Nc5 Ne3 43. Kf3 Nc4 44. h5 g5 45. Nd3 Nd2+ 46. Ke2 Nxe4 47. b5+ Kd6
48. b6 Nc3+ 49. Kd2 Nxa4 50. b7 Kc7 51. Nxe5 Kxb7 52. Kd3 Kc7 53. Kxd4 Kd6 54.
Nf7+ Ke6 55. Nxh6 Nb6 56. Nf5 Nd7 57. Ke4 Nf6+ 58. Kf3 Ke5 59. Ng3 Ke6 60. Ne4
Nh7 61. Ke2 Kd5 62. Kd3 Ke5 63. Ke3 Kd5 64. Nd2 Nf6 65. Kf3 Ke5 66. Nc4+ Kd5 67.
Ne3+ Ke5 68. Nf1 Kd5 69. Ng3 Ke5 70. Nf1 Kd5 71. Nh2 Ke5 72. Kg3 Ne4+ 73. Kf3
Nf6 74. Ke3 Nd5+ 75. Kf3 Nf6 1/2-1/2

[Event "PRO League Group Stage"]
[Site "chess.com INT"]
[Date "2020.01.15"]
[Round "2"]
[White "Sanal, Vahap"]
[Black "Demidov, Mikhail"]
[Result "1-0"]
[WhiteTitle "GM"]
[BlackTitle "IM"]
[WhiteElo "2569"]
[BlackElo "2552"]
[WhiteTeam "Turkey Knights"]
[BlackTeam "Russia Wizards"]
[WhiteFideId "6300545"]
[BlackFideId "4197143"]
[EventDate "2020.01.06"]

1. e4 Nf6 2. e5 Nd5 3. d4 d6 4. Nf3 Nb6 5. Be2 g6 6. O-O Bg7 7. Nc3 O-O 8. Bg5
Nc6 9. Re1 dxe5 10. dxe5 Qxd1 11. Raxd1 h6 12. Be3 Be6 13. h3 Nxe5 14. Nxe5 Bxe5
15. Bxh6 Bxc3 16. bxc3 Rfd8 17. Bf3 c6 18. Bg5 Rxd1 19. Rxd1 f6 20. Be3 Na4 21.
Rb1 Nb6 22. Bxb6 axb6 23. Rxb6 Ra7 24. a4 Bf5 25. Bg4 Bxc2 26. Bc8 Bxa4 27. Bxb7
c5 28. Bd5+ Kg7 29. Rb8 f5 30. f4 Rc7 31. Kf2 Bc6 32. Bc4 Rd7 33. Rb2 Ra7 34.
Rb6 Be4 35. Re6 Rd7 36. g4 Rd2+ 37. Kg3 Rc2 38. Rxe7+ Kf8 39. Rf7+ Ke8 40. Kh4
Rxc3 41. Be6 Bg2 42. Kg5 Bxh3 43. Kf6 fxg4 44. Re7+ Kd8 45. Rd7+ Ke8 46. Rd6 g3
47. Bf7+ Kf8 48. Rd8# 1-0

[Event "PRO League Group Stage"]
[Site "chess.com INT"]
[Date "2020.01.15"]
[Round "2"]
[White "Firat, Burak"]
[Black "Savchenko, Boris"]
[Result "1-0"]
[WhiteTitle "GM"]
[BlackTitle "GM"]
[WhiteElo "2474"]
[BlackElo "2573"]
[WhiteTeam "Turkey Knights"]
[BlackTeam "Russia Wizards"]
[WhiteFideId "6305881"]
[BlackFideId "4147332"]
[EventDate "2020.01.06"]

1. e4 e6 2. d4 d5 3. e5 c5 4. c3 Nc6 5. Nf3 f6 6. Be2 Qc7 7. O-O fxe5 8. Nxe5
Nxe5 9. dxe5 Nh6 10. c4 Nf5 11. cxd5 Qxe5 12. Bb5+ Kf7 13. dxe6+ Bxe6 14. Re1
Rd8 15. Be8+ Kxe8 16. Qxd8+ Kxd8 17. Rxe5 Kd7 18. Nc3 Bd6 19. Re1 Nd4 20. Rd1
Kc6 21. Bg5 Bg4 22. Rd2 Re8 23. h3 Bxh3 24. Be3 Bf5 25. Bxd4 cxd4 26. Rxd4 Bc5
27. Rd2 b6 28. a3 Rf8 29. Rc1 Kb7 30. Re1 Rf7 31. Ne4 Bxe4 32. Rxe4 a5 33. Kf1
Kc6 34. b4 Bf8 35. Re6+ Kb7 36. bxa5 bxa5 37. Rb2+ Kc7 38. Ra6 Rf5 39. a4 Bb4
40. Ra7+ Kd6 41. Rxg7 Bc3 42. Rb6+ Kc5 43. Rb5+ 1-0

[Event "PRO League Group Stage"]
[Site "chess.com INT"]
[Date "2020.01.15"]
[Round "2"]
[White "Narayanan, S.L."]
[Black "Movsesian, Sergei"]
[Result "1-0"]
[WhiteTitle "GM"]
[BlackTitle "GM"]
[WhiteElo "2637"]
[BlackElo "2641"]
[WhiteTeam "India Yogis"]
[BlackTeam "Israel Counsellors"]
[WhiteFideId "5058422"]
[BlackFideId "310204"]
[EventDate "2020.01.06"]

1. Nf3 d5 2. d4 Nf6 3. c4 c6 4. e3 a6 5. Nc3 Bf5 6. Bd3 Bxd3 7. Qxd3 e6 8. O-O
Bb4 9. Bd2 O-O 10. a3 Ba5 11. b4 Bc7 12. a4 Nbd7 13. cxd5 exd5 14. b5 axb5 15.
axb5 Nb6 16. bxc6 bxc6 17. Ne2 Nc4 18. Bb4 Rxa1 19. Rxa1 Bd6 20. Bxd6 Qxd6 21.
Nd2 Nxd2 22. Qxd2 Ne4 23. Qc2 Rb8 24. Nc3 Nf6 25. h3 g6 26. Rc1 Rb4 27. Ne2 Rc4
28. Qb2 Rxc1+ 29. Nxc1 Kg7 30. Nd3 Ne4 31. Qb7 Qe6 32. Qc7 h5 33. Qe5+ Kf8 34.
Qxe6 fxe6 35. Ne5 Kg7 36. Nxc6 g5 37. Ne5 Kf6 38. f3 Nc3 39. Kf2 h4 40. Ke1 Kf5
41. Kd2 Nb5 42. Nd3 Nd6 43. Nc5 Nc4+ 44. Kd3 Nb2+ 45. Kc3 Nd1+ 46. Kd2 Nb2 47.
e4+ Kf6 48. Nd7+ Ke7 49. Ne5 Kf6 50. Nd7+ Ke7 51. Nb6 Kd6 52. Kc2 Kc6 53. Nxd5
Nc4 54. Nf6 Ne3+ 55. Kd2 Nxg2 56. Nh7 Nf4 57. Nxg5 Kd6 58. Kc3 Ke7 59. e5 Kd7
60. Kd2 Ng2 61. Kd3 Nf4+ 62. Ke4 Ne2 63. f4 Ng3+ 64. Kd3 Ke7 65. Nf3 Nf5 66. Kc4
Kd7 67. Kc5 Ke7 68. d5 exd5 69. Kxd5 Kd7 70. e6+ Ke7 71. Ke5 Ne3 72. Nxh4 Nc4+
73. Kd4 Nd6 74. f5 Kf6 75. Kd5 Nc8 76. Ke4 Ne7 77. Kf4 Nd5+ 78. Kg4 Ne3+ 79. Kh5
Nd5 80. Kh6 Ne7 81. Kh7 Nd5 82. Kg8 Ne7+ 83. Kf8 Nd5 84. Ke8 Ne7 85. Kd7 Nd5 86.
Kd6 Ne7 87. Kd7 Nd5 88. Ng2 Nb6+ 89. Kd8 Nd5 90. Ne3 1-0

[Event "PRO League Group Stage"]
[Site "chess.com INT"]
[Date "2020.01.15"]
[Round "2"]
[White "Adhiban, Baskaran"]
[Black "Rodshtein, Maxim"]
[Result "0-1"]
[WhiteTitle "GM"]
[BlackTitle "GM"]
[WhiteElo "2654"]
[BlackElo "2628"]
[WhiteTeam "India Yogis"]
[BlackTeam "Israel Counsellors"]
[WhiteFideId "5018471"]
[BlackFideId "2806851"]
[EventDate "2020.01.06"]

1. c4 c5 2. Nf3 Nf6 3. Nc3 Nc6 4. e3 d5 5. cxd5 Nxd5 6. d4 e6 7. Bc4 Nxc3 8.
bxc3 Be7 9. O-O O-O 10. e4 b6 11. Bb2 Bb7 12. Qe2 Qc7 13. Rac1 Na5 14. Bd3 Rfd8
15. g3 Rac8 16. Rfd1 Bf6 17. h4 Qc6 18. Nh2 Be7 19. Ng4 Qe8 20. Re1 f6 21. d5 c4
22. Bc2 Qf7 23. Rcd1 b5 24. h5 Kh8 25. h6 g6 26. Bc1 Kg8 27. Be3 exd5 28. Bxa7
dxe4 29. Bb6 Rxd1 30. Rxd1 Ra8 31. Bxe4 Qe6 32. Re1 Qxe4 33. Qxe4 Bxe4 34. Rxe4
Kf7 35. Ne3 Nc6 36. Nd5 Rxa2 37. Nc7 Bd8 38. Nxb5 g5 39. Bxd8 Nxd8 40. Rxc4 Kg6
41. Nd4 Nf7 42. Rc6 Ne5 43. Rd6 Ng4 44. c4 Nxf2 45. Re6 Nd3 46. g4 Ne5 47. c5
Rd2 48. Nb5 Rc2 49. Nd6 Nxg4 50. Ne4 Kf5 51. Re8 Kf4 52. Re6 f5 53. Nd6 Rxc5 54.
Re2 Kf3 55. Re1 Ne3 56. Kh1 g4 57. Nf7 f4 0-1